Top 50 der beliebtesten Berufe - Statistiken

Allgemein
  • Dieses Quiz wurde 1.022 mal gespielt
  • Das Durchschnittsergebnis liegt bei 7 aus 50
Antwortstatistiken
Platz Beruf % Korrekt
29. Fachlehrer/in
73%
38. Polizist/in
62%
21. Gesundheits- & Krankenpfleger/in
39%
6. Elektroniker/in (Handwerk)
37%
1. Erzieher/in
37%
22. Mechatroniker/in
37%
31. Verkäufer/in
37%
8. Kaufmann/frau (E-Commerce)
35%
7. Koch/Köchin
32%
24. Maler/in & Lackierer/in
29%
37. Berufskraftfahrer/in
27%
11. Tischler/in
27%
25. Landwirt/in
26%
26. Kaufmann/frau für Büromanagement
23%
33. Bauingenieur/in
22%
2. Fachinformatiker/in
21%
12. Friseur/in
19%
19. Rettungssanitäter/in
15%
42. Altenpfleger/in
13%
13. Industriekaufmann/frau
13%
50. Chemielaborant/in
11%
34. Rechtsanwaltsfachangestellte/r
10%
41. Flugbegleiter/in
8%
39. Sozialarbeiter/in
7%
4. Finanzwirt/in
6%
17. Verwaltungsfachangestellte/r
6%
30. Schweißer/in
5%
14. Automobilkaufmann/frau
4%
32. Fotograf/in
4%
9. Konditor/in
4%
49. Medizinische/r Fachangestellte/r
4%
43. Zimmerer/Zimmerin
4%
5. Bauzeichner/in
3%
35. Bestattungsfachkraft
3%
23. Fluglotse/Fluglotsin
3%
46. Zollbeamter/Zollbeamtin
3%
48. Kameramann/frau
2%
47. Mediendesigner/in
2%
27. Mediengestalter/in Digital Print
2%
3. Filmeditor/in
1%
20. Immobilienkaufmann/frau
1%
45. Medizinisch Technische/r Assistent/in
1%
36. Pflegefachmann/frau
1%
18. Tiermedizinische/r Fachangestellte/r
1%
40. Zahnmedizinische/r Fachangestellte/r
1%
15. Zahntechniker/in
1%
44. Gamedesigner/in
0%
16. Immobilienwirt/in
0%
28. Keramiker/in
0%
10. Sektions- & Präparationsassistent/in
0%
Keine übereinstimmenden Quizze gefunden
Verteilung der Resultate
Anzahl Personen mit jedem Resultat
Perzentil nach korrekt beantworteten Fragen
Ihre Resultats-Entwicklung
Sie haben dieses Quiz noch nicht gespielt